Normal view
MARC view
Entry Geographic Name
001 - CONTROL NUMBER
- control field: 17853
003 - CONTROL NUMBER IDENTIFIER
- control field: BD-RjUL
005 - DATE AND TIME OF LATEST TRANSACTION
- control field: 20260304101236.0
008 - FIXED-LENGTH DATA ELEMENTS
- fixed length control field: 260304|| aca||aabn | a|a d
040 ## - CATALOGING SOURCE
- Original cataloging agency: BD-RjUL
- Transcribing agency: BD-RjUL
151 ## - HEADING--GEOGRAPHIC NAME
- Geographic name: Bengali drama
670 ## - SOURCE DATA FOUND
- Source citation: Work cat.: (BD-RjUL)86242: দত্ত, উৎপল 17852, টিনের তলোয়ার / , ২০২৩